LEADER 00849nam a2200181 i 4500 001 000000173636 003 CaOOAMICUS 005 20080724000000.0 008 080724n gw u000 u ger u 013 $a151089 040 $aSeMil$bita 245 18$a1: [Die ältere Zeit : von der Urzeit bis zum 17. Jahrhundert]. 300 $a355 p., c. di tav., anche ripieg. :$bricc. ill. ;$c26 cm. 773 0 $aVogt, Friedrich$tGeschichte der Deutschen Literatur von den ältesten Zeiten bis zur Gegenwart.$b2., neubearbeitete und vermehrte Auflage.$dLeipzig ; Wien : Bibliographisches Institut, 1904.$g1$w()3224 850 $aSeMil 852 $aSeMil$W1$xVenegono$y1$m1W VI 283/1$j124481$B124481$CSeMilBibl$Z2$F135576 $81 961 $aRecupero: Altro 996 $6245$a1: [Die ältere Zeit : von der Urzeit bis zum 17. Jahrhundert]$9(OLS)http://semarc/title/248776 LEADER 01038nam a2200241 i 4500 001 000000107256 003 CaOOAMICUS 005 20101216000000.0 008 101216s1960 it u000 u ita u 013 $a79483 040 $aSeMil$bita 100 1 $aGallizia, Ugo.$0(OLS)http://semarc/name/45119 245 10$aSulle recenti sollecitudini della Chiesa per lo studio e l'uso della lingua latina /$cUgo Gallizia. 260 $aTorino [etc.] :$bSEI,$c1960. 300 $a45 p. ;$c24 cm. 490 0 $aBiblioteca del Salesianum ;$v57 650 4$aLingua latina - Chiesa - Studio.$0(OLS)http://semarc/subject/18756 830 0$aBiblioteca del Salesianum ;$v57.$0(OLS)http://semarc/title/21684 850 $aSeMil 852 $aSeMil$W1$xVenegono$y1$m5B XII 5/20$j63352$B63352$CSeMilBibl$Z2$F157595 $81 961 $aOmaggio: Altro 996 $6245$aSulle recenti sollecitudini della Chiesa per lo studio e l'uso della lingua latina$9(OLS)http://semarc/title/155610 996 $6260$aTorino [etc.] :$bSEI$9(OLS)http://semarc/publisher/32375